Conjugaison - manger - Statistiques

Statistiques générales
  • Ce quiz a été pris 26 fois
  • Le résultat moyen est 46 sur 96
Statistiques - réponses
Mode Temps Pronom Réponse % Correct
Indicatif Présent Je mange
100%
Indicatif Présent Il / elle / on mange
100%
Indicatif Présent Ils / elles mangent
100%
Indicatif Présent Nous mangeons
100%
Indicatif Présent Tu manges
100%
Indicatif Présent Vous mangez
100%
Indicatif Passé composé J' ai mangé
90%
Indicatif Passé composé Il / elle / on a mangé
90%
Indicatif Passé composé Tu as mangé
90%
Indicatif Passé composé Vous avez mangé
90%
Indicatif Passé composé Nous avons mangé
90%
Indicatif Passé composé Ils / elles ont mangé
90%
Indicatif Passé simple Je mangeai
76%
Indicatif Passé simple Il / elle / on mangea
67%
Indicatif Imparfait Je mangeais
67%
Indicatif Imparfait Tu mangeais
67%
Indicatif Imparfait Il / elle / on mangeait
67%
Indicatif Passé simple Tu mangeas
67%
Indicatif Futur simple Je mangerai
67%
Indicatif Imparfait Vous mangiez
67%
Indicatif Imparfait Nous mangions
67%
Indicatif Imparfait Ils / elles mangeaient
62%
Indicatif Passé simple Nous mangeâmes
62%
Indicatif Futur simple Il / elle / on mangera
62%
Indicatif Futur simple Tu mangeras
62%
Indicatif Futur simple Vous mangerez
62%
Indicatif Futur simple Nous mangerons
62%
Indicatif Futur simple Ils / elles mangeront
62%
Subjonctif Présent Que je mange
57%
Indicatif Passé simple Vous mangeâtes
57%
Subjonctif Présent Qu'il / qu'elle / qu'on mange
52%
Impératif Présent (tu) mange
52%
Impératif Présent (nous) mangeons
52%
Indicatif Passé simple Ils / elles mangèrent
52%
Subjonctif Présent Que tu manges
52%
Impératif Présent (vous) mangez
52%
Indicatif Futur antérieur J' aurai mangé
48%
Indicatif Futur antérieur Il / elle / on aura mangé
48%
Indicatif Futur antérieur Tu auras mangé
48%
Indicatif Futur antérieur Vous aurez mangé
48%
Indicatif Futur antérieur Nous aurons mangé
48%
Indicatif Futur antérieur Ils / elles auront mangé
48%
Indicatif Plus-que-parfait Ils / elles avaient mangé
48%
Indicatif Plus-que-parfait J' avais mangé
48%
Indicatif Plus-que-parfait Tu avais mangé
48%
Indicatif Plus-que-parfait Il / elle / on avait mangé
48%
Indicatif Plus-que-parfait Vous aviez mangé
48%
Indicatif Plus-que-parfait Nous avions mangé
48%
Subjonctif Présent Qu'ils / qu'elles mangent
48%
Conditionnel Présent Ils / elles mangeraient
48%
Conditionnel Présent Je mangerais
48%
Conditionnel Présent Tu mangerais
48%
Conditionnel Présent Il / elle / on mangerait
48%
Conditionnel Présent Vous mangeriez
48%
Conditionnel Présent Nous mangerions
48%
Indicatif Passé antérieur J' eus mangé
43%
Infinitif Présent - manger
43%
Subjonctif Présent Que vous mangiez
43%
Subjonctif Présent Que nous mangions
43%
Conditionnel Passé Ils / elles auraient mangé
38%
Conditionnel Passé J' aurais mangé
38%
Conditionnel Passé Tu aurais mangé
38%
Conditionnel Passé Il / elle / on aurait mangé
38%
Conditionnel Passé Vous auriez mangé
38%
Conditionnel Passé Nous aurions mangé
38%
Indicatif Passé antérieur Tu eus mangé
38%
Indicatif Passé antérieur Nous eûmes mangé
33%
Indicatif Passé antérieur Ils / elles eurent mangé
33%
Indicatif Passé antérieur Vous eûtes mangé
33%
Indicatif Passé antérieur Il / elle / on eut mangé
33%
Subjonctif Plus-que-parfait Que j' eusse mangé
29%
Subjonctif Plus-que-parfait Qu'ils / qu'elles eussent mangé
29%
Subjonctif Plus-que-parfait Que tu eusses mangé
29%
Subjonctif Plus-que-parfait Que vous eussiez mangé
29%
Subjonctif Plus-que-parfait Que nous eussions mangé
29%
Subjonctif Plus-que-parfait Qu'il / qu'elle / qu'on eût mangé
29%
Participe Présent - mangeant
29%
Infinitif Passé - avoir mangé
24%
Gérondif Présent - en mangeant
24%
Participe Passé - mangé
24%
Subjonctif Passé Que j' aie mangé
19%
Subjonctif Passé Que tu aies mangé
19%
Subjonctif Passé Qu'il / qu'elle / qu'on ait mangé
19%
Subjonctif Passé Que vous ayez mangé
19%
Subjonctif Passé Que nous ayons mangé
19%
Gérondif Passé - en ayant mangé
14%
Subjonctif Imparfait Que je mangeasse
14%
Subjonctif Imparfait Que tu mangeasses
14%
Subjonctif Imparfait Que vous mangeassiez
14%
Subjonctif Imparfait Que nous mangeassions
14%
Impératif Passé (vous) ayez mangé
10%
Impératif Passé (nous) ayons mangé
10%
Subjonctif Imparfait Qu'ils / qu'elles mangeassent
10%
Subjonctif Imparfait Qu'il / qu'elle / qu'on mangeât
10%
Subjonctif Passé Qu'ils / qu'elles aient pangé
0%
Participe Passé - ayant mangé
0%
Aucun quiz correspondant
Distribution des résultats
% des personnes avec chaque résultat
Percentile par nombre de réponses
Votre historique - résultats
Vous n’avez pas pris ce quiz